000 00602nam a22001937a 4500
005 20251108164013.0
008 250721s2000 xx 000 0 ara d
082 1 4 _a355.9565/دية
100 1 _aأبو دية، سعد
245 1 0 _aالجندية في خدمة السلام :
_bدور القوات المسلحة الأردنية في عمليات السلام الدولية /
264 1 _aعمان :
_c2000.
300 _a362ص.
650 1 7 _aالشرطة
650 1 7 _aالسلام
650 1 7 _aالقوات المسلحة
650 1 7 _aالأردن
942 _2ddc
_cBK
999 _c1204
_d1204